<?xml version="1.0" encoding="UTF-8"?>
<record
    xmlns:xsi="http://www.w3.org/2001/XMLSchema-instance"
    xsi:schemaLocation="http://www.loc.gov/MARC21/slim http://www.loc.gov/standards/marcxml/schema/MARC21slim.xsd"
    xmlns="http://www.loc.gov/MARC21/slim">

  <leader>01453    a2200217   4500</leader>
  <controlfield tag="001">61908</controlfield>
  <controlfield tag="005">20260407155911.0</controlfield>
  <controlfield tag="008">260407a1990    arg                 spa d</controlfield>
  <controlfield tag="003">AR-UNSa-BCEJYS</controlfield>
  <datafield tag="040" ind1=" " ind2=" ">
    <subfield code="a">AR-UNSa-BCEJYS</subfield>
    <subfield code="b">spa</subfield>
    <subfield code="c">AR-UNSa-BCEJYS</subfield>
  </datafield>
  <datafield tag="080" ind1=" " ind2=" ">
    <subfield code="a">341.9</subfield>
    <subfield code="x">Derecho Internacional Privado. Conflictos de Leyes</subfield>
  </datafield>
  <datafield tag="245" ind1="1" ind2="0">
    <subfield code="a">Contratos internacionales</subfield>
  </datafield>
  <datafield tag="020" ind1=" " ind2=" ">
    <subfield code="a">978-950-14-0537-8</subfield>
  </datafield>
  <datafield tag="264" ind1=" " ind2="1">
    <subfield code="a">Buenos Aires :</subfield>
    <subfield code="b">Ediciones Depalma</subfield>
    <subfield code="c">1990</subfield>
  </datafield>
  <datafield tag="300" ind1=" " ind2=" ">
    <subfield code="a">xiii, 166 p.</subfield>
    <subfield code="c">23 cm.</subfield>
  </datafield>
  <datafield tag="505" ind1=" " ind2=" ">
    <subfield code="a">Parte Primera: Introducci&#xF3;n hist&#xF3;rica y comparativa - Parte Segunda: La convenci&#xF3;n de La Haya del 22 de diciembre de 1986, sobre la ley aplicable a los contratos de compraventa internacional de mercader&#xED;as y la CIDIP-IV - Parte Tercera: La Convenci&#xF3;n de las Naciones Unidas sobre los contratos de compraventa internacional  de mercader&#xED;as, Viena, 1980, y la CIDIP-IV - Parte Cuarta: De la Convenci&#xF3;n de Viena a la Convenci&#xF3;n de la Haya y a las normas de jursidicci&#xF3;n internacional - Parte Quinta: Relaciones entre la unificaci&#xF3;n de normas materiales, la unificaci&#xF3;n de las normas de conflicto y la unificaci&#xF3;n de la normas sobre jurisdicc&#xF3;n internacional - Parte Sexta: Jurisdicci&#xF3;n Internacional - Parte S&#xE9;ptima: Convenci&#xF3;n sobre la ley aplicable a las obligaciones contractuales de las comunidades europeas, Roma, 180 - 
</subfield>
  </datafield>
  <datafield tag="041" ind1=" " ind2=" ">
    <subfield code="a">spa</subfield>
  </datafield>
  <datafield tag="942" ind1=" " ind2=" ">
    <subfield code="c">BK</subfield>
  </datafield>
  <datafield tag="590" ind1=" " ind2=" ">
    <subfield code="a">niveau_biblio:m niveau_hierar:0</subfield>
  </datafield>
  <datafield tag="100" ind1="1" ind2=" ">
    <subfield code="a">Boggiano, Antonio</subfield>
  </datafield>
  <datafield tag="999" ind1=" " ind2=" ">
    <subfield code="c">7477</subfield>
    <subfield code="d">7477</subfield>
  </datafield>
  <datafield tag="952" ind1=" " ind2=" ">
    <subfield code="0">0</subfield>
    <subfield code="1">0</subfield>
    <subfield code="4">0</subfield>
    <subfield code="7">0</subfield>
    <subfield code="a">BCEJYS</subfield>
    <subfield code="b">BCEJYS</subfield>
    <subfield code="c">16</subfield>
    <subfield code="d">2026-04-07</subfield>
    <subfield code="l">0</subfield>
    <subfield code="o">341.9 B674</subfield>
    <subfield code="p">L53813</subfield>
    <subfield code="r">2026-04-07 15:59:11</subfield>
    <subfield code="w">2026-04-07</subfield>
    <subfield code="y">L</subfield>
  </datafield>
</record>
